[Event "32. Abierto Ciudad de Sevilla"]
[Site "Sevilla ESP"]
[Date "2007.01.15"]
[Round "9.7"]
[White "Jimenez Hernandez, Cayetano"]
[Black "Narciso Dublan, Marc"]
[Result "1-0"]
[WhiteElo "2229"]
[BlackElo "2537"]
[PlyCount "97"]
[EventDate "2007.01.07"]
[EventType "swiss"]
[EventRounds "9"]
[EventCountry "ESP"]
[Source "lmi"]
[SourceDate "2007.01.07"]

1. e4 e5 2. Nf3 Nc6 3. Bb5 a6 4. Ba4 Nf6 5. O-O Be7 6. Re1 b5 7. Bb3 d6 8. c3
O-O 9. h3 Nd7 10. d4 Bf6 11. a4 Bb7 12. a5 Ne7 13. Nbd2 Ng6 14. Nf1 exd4 15.
cxd4 c5 16. Ng3 cxd4 17. Nxd4 Nc5 18. Ba2 Re8 19. Ndf5 Nxe4 20. Nxe4 Rxe4 21.
Rxe4 Bxe4 22. Nxd6 Be5 23. Bf4 Bxf4 24. Nxe4 Qe7 25. g3 Be5 26. Qh5 Bf6 27.
Nxf6+ Qxf6 28. Re1 Rd8 29. Qc5 h6 30. Bd5 Qf5 31. Rd1 Kh8 32. b4 Qxh3 33. Re1
Qd7 34. Bf3 f6 35. Rd1 Qe8 36. Rxd8 Qxd8 37. Qd5 Qe7 38. Qa8+ Kh7 39. Qxa6 Qxb4
40. Bc6 Qe1+ 41. Kg2 b4 42. Qd3 Qe6 43. Be4 f5 44. Bxf5 Qc6+ 45. Be4 Qe8 46. a6
Qb8 47. Bxg6+ Kh8 48. a7 Qg8 49. Qe4 1-0

[Event "32. Abierto Ciudad de Sevilla"]
[Site "Sevilla ESP"]
[Date "2007.01.15"]
[Round "9.8"]
[White "Lalic, Bogdan"]
[Black "Siebrecht, Sebastian"]
[Result "1/2-1/2"]
[WhiteElo "2522"]
[BlackElo "2457"]
[PlyCount "22"]
[EventDate "2007.01.07"]
[EventType "swiss"]
[EventRounds "9"]
[EventCountry "ESP"]
[Source "lmi"]
[SourceDate "2007.01.07"]

1. d4 Nf6 2. c4 g6 3. Nf3 Bg7 4. g3 O-O 5. Bg2 d6 6. O-O Nbd7 7. Nc3 e5 8. e4
a6 9. Re1 exd4 10. Nxd4 Re8 11. Bh3 Ne5 1/2-1/2

[Event "32. Abierto Ciudad de Sevilla"]
[Site "Sevilla ESP"]
[Date "2007.01.15"]
[Round "9.9"]
[White "Robles Garcia, Claudia"]
[Black "Paunovic, Dragan"]
[Result "1/2-1/2"]
[WhiteElo "2089"]
[BlackElo "2516"]
[PlyCount "37"]
[EventDate "2007.01.07"]
[EventType "swiss"]
[EventRounds "9"]
[EventCountry "ESP"]
[Source "lmi"]
[SourceDate "2007.01.07"]

1. e4 c5 2. Nf3 e6 3. d4 cxd4 4. Nxd4 a6 5. Be2 Nf6 6. Nc3 Qc7 7. O-O Be7 8.
Kh1 O-O 9. f4 d6 10. Be3 b5 11. a3 Bb7 12. Bf3 Nbd7 13. Qe1 Nc5 14. e5 dxe5 15.
fxe5 Qxe5 16. Bxb7 Nxb7 17. Nc6 Qc7 18. Nxe7+ Qxe7 19. Bg5 1/2-1/2

[Event "32. Abierto Ciudad de Sevilla"]
[Site "Sevilla ESP"]
[Date "2007.01.15"]
[Round "9.10"]
[White "Parligras, Mircea"]
[Black "Garcia Luque, Agustin"]
[Result "1/2-1/2"]
[WhiteElo "2494"]
[BlackElo "2373"]
[PlyCount "29"]
[EventDate "2007.01.07"]
[EventType "swiss"]
[EventRounds "9"]
[EventCountry "ESP"]
[Source "lmi"]
[SourceDate "2007.01.07"]

1. e4 c6 2. d4 d5 3. e5 Bf5 4. Nf3 e6 5. Be2 Nd7 6. O-O Ne7 7. Nh4 Bg6 8. Nd2
Nf5 9. Nxg6 hxg6 10. c3 f6 11. Nf3 Qc7 12. exf6 gxf6 13. c4 g5 14. h3 g4 15.
Nh2 1/2-1/2

[Event "32. Abierto Ciudad de Sevilla"]
[Site "Sevilla ESP"]
[Date "2007.01.15"]
[Round "9.11"]
[White "Tissir, Mohamed"]
[Black "Sgnaolin, Davide"]
[Result "1-0"]
[WhiteElo "2482"]
[BlackElo "2153"]
[PlyCount "83"]
[EventDate "2007.01.07"]
[EventType "swiss"]
[EventRounds "9"]
[EventCountry "ESP"]
[Source "lmi"]
[SourceDate "2007.01.07"]

1. e4 c5 2. Nc3 Nc6 3. Bb5 g6 4. Bxc6 bxc6 5. d3 Bg7 6. Nge2 d6 7. O-O Rb8 8.
h3 Ba6 9. b3 e6 10. Be3 Ne7 11. Qd2 O-O 12. Bh6 e5 13. Bxg7 Kxg7 14. f4 f6 15.
Rf3 Ng8 16. Raf1 Qe7 17. Ng3 Nh6 18. Nd1 Bc8 19. fxe5 Qxe5 20. c3 Rb7 21. d4
cxd4 22. cxd4 Qb5 23. Ne3 Qb4 24. Qb2 Rbf7 25. Kh1 Ba6 26. Rc1 c5 27. dxc5 dxc5
28. Qf2 Bb7 29. Nc4 Rd8 30. Rf1 Ba6 31. a3 Qb7 32. Qxc5 Rc8 33. Qd4 Bxc4 34.
bxc4 Qb6 35. Qc3 Qc5 36. Rxf6 Rxf6 37. Qxf6+ Kg8 38. Nf5 gxf5 39. Qxh6 Qxc4 40.
Qg5+ Kh8 41. Qf6+ Kg8 42. Rxf5 1-0

[Event "32. Abierto Ciudad de Sevilla"]
[Site "Sevilla ESP"]
[Date "2007.01.15"]
[Round "9.12"]
[White "Van Hoolandt, Patrick"]
[Black "Epishin, Vladimir"]
[Result "0-1"]
[WhiteElo "2257"]
[BlackElo "2554"]
[PlyCount "54"]
[EventDate "2007.01.07"]
[EventType "swiss"]
[EventRounds "9"]
[EventCountry "ESP"]
[Source "lmi"]
[SourceDate "2007.01.07"]

1. d4 c5 2. d5 f5 3. e4 fxe4 4. Nc3 Nf6 5. Nge2 Qa5 6. Bg5 d6 7. Ng3 a6 8. Be2
Nbd7 9. O-O g6 10. Qd2 Bg7 11. Rae1 O-O 12. a3 b5 13. Bh6 Ne5 14. Bxg7 Kxg7 15.
Ncxe4 Qxd2 16. Nxd2 Nxd5 17. f4 Nxf4 18. Bd1 Bb7 19. Nge4 Ne6 20. Nb3 Rxf1+ 21.
Kxf1 Rf8+ 22. Kg1 c4 23. Na5 Ba8 24. b3 Nd4 25. bxc4 bxc4 26. Nc5 Bxg2 27. c3
Bd5 0-1

[Event "32. Abierto Ciudad de Sevilla"]
[Site "Sevilla ESP"]
[Date "2007.01.15"]
[Round "9.13"]
[White "Matamoros Franco, Carlos S"]
[Black "Oliva Del Amo, Antonio Jose"]
[Result "1-0"]
[WhiteElo "2540"]
[BlackElo "2133"]
[PlyCount "47"]
[EventDate "2007.01.07"]
[EventType "swiss"]
[EventRounds "9"]
[EventCountry "ESP"]
[Source "lmi"]
[SourceDate "2007.01.07"]

1. Nf3 Nf6 2. c4 g6 3. g3 Bg7 4. Bg2 O-O 5. O-O d6 6. d4 Nc6 7. Nc3 a6 8. d5
Na5 9. b3 Nxd5 10. Nxd5 Bxa1 11. Bd2 c6 12. Bxa5 Qxa5 13. Nxe7+ Kg7 14. Qxa1+
f6 15. Nxc8 Raxc8 16. Rd1 Rcd8 17. h4 h5 18. Rd4 d5 19. cxd5 Rxd5 20. Ng5 Re5
21. b4 Qb5 22. Rd7+ Kg8 23. Qb1 f5 24. Qb3+ 1-0

[Event "32. Abierto Ciudad de Sevilla"]
[Site "Sevilla ESP"]
[Date "2007.01.15"]
[Round "9.15"]
[White "Martin Vazquez, Jose Miguel"]
[Black "Movsziszian, Karen"]
[Result "0-1"]
[WhiteElo "2167"]
[BlackElo "2445"]
[PlyCount "136"]
[EventDate "2007.01.07"]
[EventType "swiss"]
[EventRounds "9"]
[EventCountry "ESP"]
[Source "lmi"]
[SourceDate "2007.01.07"]

1. d4 d6 2. e4 g6 3. c3 Bg7 4. Bd3 Nf6 5. Nf3 O-O 6. O-O c5 7. dxc5 dxc5 8. Be3
Qc7 9. Nbd2 b6 10. Qc2 Nc6 11. a4 h6 12. Nc4 Ba6 13. h3 Nxe4 14. Nxb6 axb6 15.
Bxa6 Ng3 16. fxg3 Rxa6 17. b4 Raa8 18. bxc5 bxc5 19. Bxc5 Qxg3 20. Qf2 Qxf2+
21. Bxf2 Rfc8 22. Nd4 Na5 23. Ra3 Nc4 24. Ra2 e5 25. Nb5 f5 26. Rd1 e4 27. Bd4
Bf8 28. Kf2 Kf7 29. Ke2 g5 30. Ba7 Bc5 31. Bxc5 Rxc5 32. Nd6+ Ke6 33. Nxc4 Rxc4
34. a5 Ra6 35. Kd2 Rc5 36. Rda1 Ke5 37. Kc2 f4 38. Kb3 Rb5+ 39. Kc2 f3 40. gxf3
exf3 41. Ra4 h5 42. Rf1 Rbxa5 43. Rxa5+ Rxa5 44. Rxf3 Ke4 45. Rf8 Ra2+ 46. Kd1
Rh2 47. Rg8 Kf4 48. Rf8+ Kg3 49. Rf5 Kh4 50. c4 Rxh3 51. Kd2 Ra3 52. Rf1 g4 53.
Rh1+ Kg5 54. c5 Ra2+ 55. Kd3 h4 56. c6 h3 57. c7 Ra3+ 58. Kd4 Ra8 59. Ke5 Rc8
60. Kd6 Kh4 61. Kd7 Rxc7+ 62. Kxc7 g3 63. Re1 h2 64. Re8 g2 65. Rh8+ Kg3 66.
Rg8+ Kf3 67. Rf8+ Ke3 68. Re8+ Kd2 0-1

[Event "32. Abierto Ciudad de Sevilla"]
[Site "Sevilla ESP"]
[Date "2007.01.15"]
[Round "9.16"]
[White "Pereira Figueroa, Manuel"]
[Black "Teran Alvarez, Ismael"]
[Result "1/2-1/2"]
[WhiteElo "2121"]
[BlackElo "2417"]
[PlyCount "59"]
[EventDate "2007.01.07"]
[EventType "swiss"]
[EventRounds "9"]
[EventCountry "ESP"]
[Source "lmi"]
[SourceDate "2007.01.07"]

1. d4 Nf6 2. c4 c5 3. d5 e5 4. Nc3 d6 5. e4 Be7 6. Be2 Nbd7 7. Nf3 O-O 8. O-O
Ne8 9. Ne1 Bg5 10. Nd3 g6 11. Bxg5 Qxg5 12. Qc1 Qe7 13. f4 exf4 14. Qxf4 Ne5
15. Nxe5 dxe5 16. Qg3 Nd6 17. Bd3 Bd7 18. Rae1 b6 19. a4 Kh8 20. Nb5 Bxb5 21.
axb5 a6 22. bxa6 Rxa6 23. b4 Rc8 24. Rf3 Rca8 25. bxc5 bxc5 26. Qf2 Ra1 27. h3
Kg7 28. Rxa1 Rxa1+ 29. Kh2 Qa7 30. Qh4 1/2-1/2

[Event "32. Abierto Ciudad de Sevilla"]
[Site "Sevilla ESP"]
[Date "2007.01.15"]
[Round "9.17"]
[White "Torres Ventosa, Pedro Eugenio"]
[Black "Kononenko, Tatiana"]
[Result "0-1"]
[WhiteElo "2122"]
[BlackElo "2376"]
[PlyCount "94"]
[EventDate "2007.01.07"]
[EventType "swiss"]
[EventRounds "9"]
[EventCountry "ESP"]
[Source "lmi"]
[SourceDate "2007.01.07"]

1. e4 e6 2. d4 d5 3. Nd2 c5 4. exd5 Qxd5 5. Ngf3 cxd4 6. Bc4 Qd6 7. Qe2 Nf6 8.
Nb3 Nc6 9. Bg5 a6 10. O-O-O b5 11. Bd3 Bb7 12. Nbxd4 Be7 13. Rhe1 Nxd4 14. Nxd4
Bd5 15. Bxf6 Bxf6 16. Be4 O-O 17. Bxd5 Qxd5 18. Nb3 Qxg2 19. Rg1 Qc6 20. Rd3
Rfd8 21. Rh3 Rac8 22. Kb1 Qc4 23. Qxc4 bxc4 24. Nc1 Rb8 25. b3 Rd2 26. Rf3 Kf8
27. Rf4 Bd4 28. h4 a5 29. a4 e5 30. Rfg4 g6 31. h5 Rxf2 32. hxg6 hxg6 33. R1g3
cxb3 34. Nxb3 Rb4 35. Rg1 Rxa4 36. c3 Ra3 37. cxd4 Rxb3+ 38. Ka1 Ra3+ 39. Kb1
exd4 40. Rxd4 Raa2 41. Rd5 a4 42. Ra5 a3 43. Ra8+ Kg7 44. Rb8 Rfb2+ 45. Rxb2
Rxb2+ 46. Ka1 Rb3 47. Ka2 Re3 0-1

[Event "32. Abierto Ciudad de Sevilla"]
[Site "Sevilla ESP"]
[Date "2007.01.15"]
[Round "9.18"]
[White "Razmyslov, Alexander"]
[Black "Urbina Perez, Juan Antonio"]
[Result "1-0"]
[WhiteElo "2349"]
[BlackElo "2114"]
[PlyCount "55"]
[EventDate "2007.01.07"]
[EventType "swiss"]
[EventRounds "9"]
[EventCountry "ESP"]
[Source "lmi"]
[SourceDate "2007.01.07"]

1. e4 c5 2. Nf3 d6 3. d4 cxd4 4. Nxd4 Nf6 5. Nc3 a6 6. Bc4 e6 7. Bb3 Nbd7 8. f4
Nc5 9. e5 dxe5 10. fxe5 Nxb3 11. axb3 Nd5 12. O-O Nxc3 13. bxc3 Bc5 14. Qg4 g6
15. Bg5 f5 16. exf6 Kf7 17. Kh1 Bxd4 18. cxd4 h6 19. Be3 h5 20. Qh4 b5 21. d5
exd5 22. Rae1 Be6 23. Bc5 Qd7 24. Rxe6 Qxe6 25. Re1 g5 26. Qg3 Qxf6 27. Qd3
Rad8 28. Rf1 1-0

[Event "32. Abierto Ciudad de Sevilla"]
[Site "Sevilla ESP"]
[Date "2007.01.15"]
[Round "9.20"]
[White "Astengo, Corrado"]
[Black "Korneev, Oleg"]
[Result "0-1"]
[WhiteElo "2117"]
[BlackElo "2606"]
[PlyCount "38"]
[EventDate "2007.01.07"]
[EventType "swiss"]
[EventRounds "9"]
[EventCountry "ESP"]
[Source "lmi"]
[SourceDate "2007.01.07"]

1. e4 c5 2. Nf3 e6 3. d4 cxd4 4. Nxd4 a6 5. Nc3 Qc7 6. Bd3 Nc6 7. Be3 Nf6 8.
Nxc6 dxc6 9. f4 e5 10. f5 h5 11. h3 b5 12. Qf3 Bb7 13. a3 c5 14. Nd5 Bxd5 15.
exd5 Bd6 16. Be4 Qa5+ 17. Bd2 Qa4 18. Bd3 e4 19. Qe3 O-O-O 0-1

[Event "32. Abierto Ciudad de Sevilla"]
[Site "Sevilla ESP"]
[Date "2007.01.15"]
[Round "9.21"]
[White "Lariño Nieto, David"]
[Black "Herrera Delgado, Alejandro"]
[Result "0-1"]
[WhiteElo "2450"]
[BlackElo "2088"]
[PlyCount "80"]
[EventDate "2007.01.07"]
[EventType "swiss"]
[EventRounds "9"]
[EventCountry "ESP"]
[Source "lmi"]
[SourceDate "2007.01.07"]

1. e4 c5 2. d3 Nc6 3. Nc3 g6 4. g3 Bg7 5. Bg2 Rb8 6. f4 b5 7. Nf3 b4 8. Nd5 e6
9. Ne3 Nge7 10. e5 d5 11. a3 a5 12. axb4 axb4 13. b3 Qb6 14. Ng4 Nf5 15. Nf6+
Bxf6 16. exf6 Qd8 17. Ne5 Ncd4 18. Qd2 Qxf6 19. Bb2 O-O 20. O-O h5 21. Nc6 Rb6
22. Nxd4 Nxd4 23. Kh1 Bb7 24. Ra5 Rc6 25. Qf2 Qe7 26. Re1 Qc7 27. Rxc5 Rxc5 28.
Qxd4 f6 29. Rxe6 Rxc2 30. Bxd5 Bxd5+ 31. Qxd5 Qf7 32. Bxf6 Rfc8 33. Be5 Kh7 34.
Rd6 Qxd5+ 35. Rxd5 Rd2 36. Rd7+ Kg8 37. Bc7 Ra8 38. Be5 Raa2 39. Rd8+ Kf7 40.
Rd7+ Ke8 0-1

[Event "32. Abierto Ciudad de Sevilla"]
[Site "Sevilla ESP"]
[Date "2007.01.15"]
[Round "9.22"]
[White "Ramirez Guerrero, Enrique"]
[Black "Ivanov, Jordan"]
[Result "0-1"]
[WhiteElo "2052"]
[BlackElo "2377"]
[PlyCount "112"]
[EventDate "2007.01.07"]
[EventType "swiss"]
[EventRounds "9"]
[EventCountry "ESP"]
[Source "lmi"]
[SourceDate "2007.01.07"]

1. d4 d5 2. c4 dxc4 3. e4 Nf6 4. e5 Nd5 5. Bxc4 Nc6 6. Be3 Be6 7. Bb5 Qd7 8.
Nc3 a6 9. Ba4 Nb6 10. Bxc6 Qxc6 11. Nf3 O-O-O 12. Rc1 Bg4 13. Ne2 Qd7 14. Nf4
e6 15. O-O Kb8 16. h3 Bf5 17. Qb3 Be7 18. Rfd1 Be4 19. Nd2 Bd5 20. Nxd5 Nxd5
21. Nc4 f5 22. exf6 gxf6 23. Na5 Qb5 24. Qxb5 axb5 25. Nb3 b6 26. Re1 Kc8 27.
Re2 Kd7 28. Nd2 Ra8 29. a3 Ra4 30. Ne4 b4 31. axb4 Bxb4 32. Bd2 Bd6 33. Nc3
Rxd4 34. Nxd5 Rxd5 35. Bc3 e5 36. Re4 Rf8 37. Rh4 Rf7 38. g4 c5 39. Ra1 Kc6 40.
Ra8 Bf8 41. Rh5 b5 42. Ba5 Rd1+ 43. Kg2 Ra1 44. Ra6+ Kb7 45. Rb6+ Ka7 46. Rxb5
Ka6 47. Rb8 Rxa5 48. Rf5 Rb5 49. Re8 Be7 50. Rf3 Rxb2 51. Ra3+ Kb7 52. Raa8 Bd6
53. Red8 Bc7 54. Re8 c4 55. Ra4 c3 56. Rea8 Bb6 0-1

[Event "32. Abierto Ciudad de Sevilla"]
[Site "Sevilla ESP"]
[Date "2007.01.15"]
[Round "9.23"]
[White "Marin Garcia, Adolfo"]
[Black "Fenollar Jorda, Manuel"]
[Result "0-1"]
[WhiteElo "2005"]
[BlackElo "2307"]
[PlyCount "54"]
[EventDate "2007.01.07"]
[EventType "swiss"]
[EventRounds "9"]
[EventCountry "ESP"]
[Source "lmi"]
[SourceDate "2007.01.07"]

1. e4 d5 2. exd5 Qxd5 3. Nf3 Bg4 4. Be2 Nc6 5. Nc3 Qd7 6. d4 O-O-O 7. d5 Nb4 8.
Ne5 Bxe2 9. Qxe2 Qf5 10. Nxf7 Qxf7 11. Qg4+ e6 12. O-O Nxd5 13. Nxd5 Rxd5 14.
Be3 Bc5 15. c4 Rf5 16. Bxc5 Rxc5 17. Qd4 b6 18. b4 Rf5 19. c5 Ne7 20. cxb6 axb6
21. a4 Rd8 22. Qc4 Kb8 23. Rac1 Nd5 24. a5 Rf4 25. Qd3 Rxb4 26. Qa6 Rd6 27. Ra1
b5 0-1

[Event "32. Abierto Ciudad de Sevilla"]
[Site "Sevilla ESP"]
[Date "2007.01.15"]
[Round "9.24"]
[White "Melero Fidalgo, Juan de Dios"]
[Black "Fernandez Ruiz, Manuel Alejandro"]
[Result "1-0"]
[WhiteElo "2195"]
[BlackElo "2058"]
[PlyCount "43"]
[EventDate "2007.01.07"]
[EventType "swiss"]
[EventRounds "9"]
[EventCountry "ESP"]
[Source "lmi"]
[SourceDate "2007.01.07"]

1. e4 c5 2. Nf3 d6 3. d4 cxd4 4. Nxd4 Nf6 5. Nc3 g6 6. Bg5 Bg7 7. Bb5+ Bd7 8.
Qe2 O-O 9. O-O-O Bxb5 10. Ndxb5 Nc6 11. Nd5 Qa5 12. Bxf6 exf6 13. Kb1 f5 14.
exf5 Nb4 15. Qc4 Nxd5 16. Qxd5 Qb6 17. Qb3 Qxf2 18. fxg6 hxg6 19. Rhf1 Qe2 20.
Nxd6 Rad8 21. Rde1 Qxg2 22. Nxf7 1-0

[Event "XXXII Abierto Ciudad de Sevilla"]
[Site "?"]
[Date "2007.01.13"]
[Round "7.1"]
[White "Spraggett, Kevin"]
[Black "Rizouk, Aimen"]
[Result "1/2-1/2"]
[WhiteElo "2633"]
[BlackElo "2455"]
[PlyCount "46"]
[EventDate "2007.01.07"]
[SourceDate "2007.01.07"]

1. e4 e5 2. Nf3 Nf6 3. Nxe5 d6 4. Nf3 Nxe4 5. d4 d5 6. Bd3 Nc6 7. O-O Be7 8. c4
Nb4 9. Be2 O-O 10. a3 Nc6 11. cxd5 Qxd5 12. Nc3 Nxc3 13. bxc3 Bf5 14. c4 Qe4
15. Ra2 Bf6 16. Be3 Rad8 17. Rd2 Rfe8 18. d5 Na5 19. Nd4 Bg6 20. Qa4 b6 21.
Rfd1 Qe7 22. g3 Be4 23. Bf1 c5 1/2-1/2